00709 2200253 4500001002100000005001500021035002000036007000300056008004100059020002200100082001000122084001600132100002600148245011100174250001000285260003200295300003200327650001100359990001700370990001700387990001700404990001700421990001700438INLIS00000000000049820221214100729 a0010-1222000229ta221214 g 0 ind  a978-979-1391-79-5 a535.2 a535.2 YOH o0 aYohanes Surya, Ph. D.1 aOptika :bBahan ajar persiapan menuju Olimpiade Sains Nasional/ Internasional SMA /cYohanes Surya, Ph. D. acet.2 aJakarta :bPT. Kadel,c2010 a186 hlm. :bIlus ;c25.5 cm 4aOptika a202100200576 a202100200577 a202100200578 a202100200579 a202100200580